| 000 | 00594nam a2200205Ia 4500 | ||
|---|---|---|---|
| 005 | 20250923150017.0 | ||
| 008 | 008 250917s9999 xx 000 0 eng d | ||
| 037 | _aTextual | ||
| 040 |
_aDSWL _beng _cDSWL |
||
| 041 |
_aeng _2eng |
||
| 084 |
_aY15-310aG:55.2, N96 _qDSWL |
||
| 100 |
_aRao, Brinda _9841260 |
||
| 245 | 0 |
_aDry Wells and " Deserted" women _c by Brinda Rao |
|
| 260 |
_aNew Delhi _bIndian Social Institute _c1996 |
||
| 300 | _ax,175 p. | ||
| 365 |
_aINR _b100.00 |
||
| 925 | _g100.00 | ||
| 942 |
_cTEXL _hY15-310aG:55.2, N96 |
||
| 999 |
_c1458463 _d1458463 |
||